| 000 | 00977cam a2200205 4500 | ||
|---|---|---|---|
| 001 | WB4010-11 | ||
| 008 | 040309n2004 000 0 eng u | ||
| 035 | _a(Sirsi) u125376 | ||
| 245 | _aMore money wanted for housing | ||
| 260 | _c2004 | ||
| 490 |
_aShelter Press Release _v8 March 2004 (3) |
||
| 520 | _aShelter's latest report "Building for the future", show that the government's spending plans are inadequate in addressing the Britain's growing housing crisis. Shelter estimates that current government plans leave a shortfall of 55 000 homes against the Shelter estimate. The report has been drawn on by Kate Barker in her forthcoming report on housing supply and is available from the Shelter Press Office on request. www.shelter.org.uk http://www.shelter.org.uk/campaign/press/index.asp . | ||
| 590 | _aWB | ||
| 590 | _aWB | ||
| 650 | _aHOUSING DEMAND | ||
| 650 | _aHOUSING SHORTAGE | ||
| 650 | _aHOUSING SUPPLY | ||
| 690 | _aHOUSING-FINANCE | ||
| 942 | _n0 | ||
| 999 |
_c117082 _d117082 |
||